000 00704nam a2200289Ia 4500
005 20260324111641.0
008 008 260324s9999 xx 000 0 eng d
020 _a9781003602439
037 _aEBOOK
040 _aCRL
040 _beng
040 _cCRL
041 _2eng
041 _aeng
084 _qCRL
100 _aRider W. Foley
_91139445
245 4 _aThe Myths of Regional Innovation
245 0 _bSustainability Challenges and Responsible Innovation
260 _bTaylor and Francis
260 _c2025
365 _a
365 _b230
856 _uhttp://www.taylorfrancis.com/books/9781003602439
942 _cEBOOK
999 _c1728338
_d1728338